| 000 | 01082cam a22001694a 4500 | ||
|---|---|---|---|
| 005 | 20250605163653.0 | ||
| 008 | 250528s ||||||||||||||||||||||||d | ||
| 035 | _a23975 | ||
| 040 |
_aGR-AtMCL _bgre _dGR-AtMCL _eAACR2 |
||
| 245 | 1 | _aSupply Chain and Logistics / Το Περιοδικό για την Εφοδιαστική Αλυσίδα | |
| 260 |
_bParametros Group _bScl Magazine, _c2021 |
||
| 300 | _a112 | ||
| 520 | _aΈνα Εργαλείο για την Επιχειρησιακή Δρομολόγηση του Μέλλοντος, Οι Ηλεκτρικοί Στόλοι Οχημάτων Φαντάζουν Μαγική Λύση για τη Μείωση Εκπομπών Διοξειδίου του Άνθρακα στην Ευρώπη, TT Club Suez Canal Blockpage: Supply Chain Risks Assessed, Με 500 Σύνεδρους και Μεστές Ομιλίες και Συμπεράσματα το Logi.G Special, Μεγάλο το Ενδιαφέρον για 8 Ιουνίου 'Supply Chain as a Customer. | ||
| 942 | _cCR | ||
| 999 |
_c8886 _d8886 |
||